• 首页
  • 本馆介绍
  • 公告通知
  • 最新文献
  • 馆藏检索
  • 电子资源
  • 读者导购
  • 参考咨询
  • 我的图书馆
  • 登录
  • 详细信息显示
  • 放入我的书架
  • 预约/预借图书
  • 作者相关作品
  • 分类相关作品
  • 丛书相关作品
  • 出版社相关作品

书目信息

  • 表格格式
  • 工作单格式
  • 卡片格式
题名:
诗意的栖居
    
 
作者: “科学心”系列丛书编委会编
分册:  
出版信息: 合肥   合肥工业大学出版社  2015
页数: 200页
开本: 23cm
丛书名: “科学心”系列丛书
单 册:
中图分类: X5-49
科图分类:
主题词: 环境污染--青少年读物
电子资源:
ISBN: 978-7-5650-2450-4
000 00870nam0 2200241 450
001 0103805737
005 20160531163314.0
010    @a978-7-5650-2450-4@dCNY25.80
100    @a20160411d2015 demy0chiy0120 ea
101 0  @achi
102    @aCN@b340000
105    @aa z 000yy
106    @ar
200 1  @a诗意的栖居@9Shi Yi De;Di Qi;Xi Ju @e谈环境污染@f“科学心”系列丛书编委会编@b专著
210    @a合肥@c合肥工业大学出版社@d2015@h2016印
215    @a200页@c图@d23cm
225 1  @a“科学心”系列丛书
330    @a本书介绍了白色污染、生活污水这种身边的污染,污染的过去、现在和将来,森林锐减、沙尘暴这种污染中的灾难,并讲述了环境污染的多样形式和尾气污染、交通噪音、光污染这种生活中的污染。
517 1  @a谈环境污染@9tan huan jing wu ran
606 0  @a环境污染@j青少年读物
690    @aX5-49@v5
801  0 @aCN@bAZmarc@c20230903
905    @aBZT@dX5-49@e1@f4@sX5-49/1
    
    诗意的栖居:谈环境污染/“科学心”系列丛书编委会编.-合肥:合肥工业大学出版社,2015(2016印)
    200页:图;23cm.-(“科学心”系列丛书)
    
    
    ISBN 978-7-5650-2450-4:CNY25.80
    本书介绍了白色污染、生活污水这种身边的污染,污染的过去、现在和将来,森林锐减、沙尘暴这种污染中的灾难,并讲述了环境污染的多样形式和尾气污染、交通噪音、光污染这种生活中的污染。
●
相关链接 在五车中查询图书 在当当中查询图书 在豆瓣中查询图书


正题名:诗意的栖居     索取号:X5-49/1         预约/预借

序号 登录号 条形码 馆藏地/架位号 状态 备注
1 2000050214   2000050214   旧书回溯/ [索取号:X5-49/1] 在馆    
2 2000050215   2000050215   旧书回溯/ [索取号:X5-49/1] 在馆    
3 2000050216   2000050216   旧书回溯/ [索取号:X5-49/1] 在馆    
4 2000058986   2000058986   旧书回溯/ [索取号:X5-49/1] 在馆    
山东省滨州职业学院图书馆 欢迎您!
大连网信软件有限公司© 版权所有